[Event "NED-ch op-B"]
[Site "Borne"]
[Date "2019.08.10"]
[Round "8"]
[White "Vijver, Jonathan"]
[Black "Breider, Jayden"]
[Result "1-0"]
[WhiteElo "999"]
[BlackElo "347"]
[PlyCount "45"]
[EventDate "2019.08.05"]
[EventType "swiss"]
[EventRounds "9"]
[EventCountry "NED"]
[SourceTitle "EXT 2020"]
[Source "ChessBase"]
[SourceDate "2019.10.17"]
[SourceVersion "1"]
[SourceVersionDate "2019.10.17"]
[SourceQuality "1"]

1. e4 c5 2. Nf3 d6 3. d4 cxd4 4. Nxd4 Nf6 5. Nc3 b6 6. Bg5 Bb7 7. Bxf6 exf6 8. Bb5+ Ke7 9. Nf5+ Ke6 10. Bc4+ d5 11. exd5+ Kxf5 12. Qf3+ Ke5 13. Qe4+ Kd6 14. Nb5+ Kd7 15. Qg4+ Ke8 16. 0-0 Bc8 17. Rfe1+ Be7 18. Qf4 Na6 19. d6 Bd7 20. Rxe7+ Kf8 21. Rxf7+ Kg8 22. Rxf6+ Be6 23. Bxe6# 1-0